TEXT BOOK OF MEDICAL PARASITOLOGY :PROTOZOOLOGY AND HELMINTHOLOGY (Record no. 2690)
[ view plain ]
| 000 -LEADER | |
|---|---|
| fixed length control field | 00380nam a2200145Ia 4500 |
| 008 - FIXED-LENGTH DATA ELEMENTS--GENERAL INFORMATION | |
| fixed length control field | 150201s1996 xx 000 0 und d |
| 082 ## - DEWEY DECIMAL CLASSIFICATION NUMBER | |
| Classification number | 616.96 |
| Item number | M1996P |
| 100 ## - MAIN ENTRY--PERSONAL NAME | |
| Personal name | PARIJA,SUBHASH |
| 245 ## - TITLE STATEMENT | |
| Title | TEXT BOOK OF MEDICAL PARASITOLOGY :PROTOZOOLOGY AND HELMINTHOLOGY |
| 250 ## - EDITION STATEMENT | |
| Edition statement | 1ST |
| 260 ## - PUBLICATION, DISTRIBUTION, ETC. (IMPRINT) | |
| Name of publisher, distributor, etc. | AIPD |
| Place of publication, distribution, etc. | MADRAS |
| Date of publication, distribution, etc. | 1996 |
| 300 ## - PHYSICAL DESCRIPTION | |
| Extent | 1-359 |
| 650 ## - SUBJECT ADDED ENTRY--TOPICAL TERM | |
| Topical term or geographic name as entry element | MICROBIOLOGY |
| 942 ## - ADDED ENTRY ELEMENTS (KOHA) | |
| Source of classification or shelving scheme | Dewey Decimal Classification |
| Koha item type | Books |
| Withdrawn status | Lost status | Source of classification or shelving scheme | Damaged status | Not for loan | Home library | Current library | Date acquired | Source of acquisition | Cost, normal purchase price | Serial Enumeration / chronology | SGTU | Bill Number | Total Checkouts | Full call number | Barcode | Date last seen | Bill Date | Koha item type |
|---|---|---|---|---|---|---|---|---|---|---|---|---|---|---|---|---|---|---|
| Dewey Decimal Classification | SGT Dental Library | SGT Dental Library | 13/07/2003 | U.B.S,DELHI | 250.00 | 1 | SGTU | 279 | 616.96 M1996P | FD1012 | 09/02/2015 | 10/02/2012 | Books |